[Event "DVM U16 2017"]
[Site "Walldorf GER"]
[Date "2017.12.28"]
[Round "4"]
[White "Elier, Ali"]
[Black "Engel, Luis"]
[Result "0-1"]
[Termination "normal"]
[Board "1.1"]
[WhiteElo "1910"]
[BlackElo "2362"]
[WhiteClock "01:17:27"]
[BlackClock "00:29:08"]
[WhiteTeam "SF Brackel"]
[BlackTeam "Hamburger SK"]
[PlyCount "104"]
[WhiteFideId "16217543"]
[BlackFideId "12961523"]
[EventCountry "GER"]
[EventRounds "7"]
[EventType "team-swiss"]
[EventDate "2017.12.26"]

1. e4 c5 2. d4 cxd4 3. c3 Nf6 4. e5 Nd5 5. Nf3 Nc6 6. Bc4 Nb6 7. Bb3 d6 8. exd6
Qxd6 9. O-O Be6 10. Bxe6 Qxe6 11. Nxd4 Nxd4 12. Qxd4 Rd8 13. Qf4 g6 14. Be3 Bg7
15. Qb4 O-O 16. Bxb6 Qxb6 17. Qxb6 axb6 18. Na3 Rd2 19. Nc4 Rc2 20. Rad1 b5 21.
Rd2 Rxd2 22. Nxd2 Rd8 23. Nb3 b4 24. cxb4 Bxb2 25. Rb1 Ba3 26. b5 b6 27. Kf1
Rd5 28. Ke2 Rxb5 29. Kd3 Kg7 30. f3 Kf6 31. Nd2 Rxb1 32. Nxb1 Bc5 33. Kc4 Ke5
34. Nc3 Bg1 35. Kb5 Kd6 36. Ne4+ Kc7 37. Ng5 Bxh2 38. Nxf7 Bf4 39. a4 Kd7 40.
Kxb6 Ke8 41. Nh8 Be5 42. Nxg6 hxg6 43. a5 Kf7 44. a6 Bd4+ 45. Kb7 e5 46. a7
Bxa7 47. Kxa7 Ke6 48. Kb6 e4 49. fxe4 g5 50. Kc5 Ke5 51. Kc6 g4 52. Kd7 g3 0-1

[Event "DVM U16 2017"]
[Site "Walldorf GER"]
[Date "2017.12.28"]
[Round "4"]
[White "Holinka, Henning"]
[Black "Garbuz, Vitaliy"]
[Result "0-1"]
[Termination "normal"]
[Board "1.2"]
[WhiteElo "2069"]
[BlackElo "2022"]
[WhiteClock "00:41:14"]
[BlackClock "00:58:33"]
[WhiteTeam "Hamburger SK"]
[BlackTeam "SF Brackel"]
[PlyCount "40"]
[WhiteFideId "12967084"]
[BlackFideId "12990710"]
[EventCountry "GER"]
[EventRounds "7"]
[EventType "team-swiss"]
[EventDate "2017.12.26"]

1. e4 e5 2. Nf3 Nc6 3. Bc4 Bc5 4. c3 Nf6 5. d3 O-O 6. O-O d6 7. Bb3 a6 8. Nbd2
Be6 9. Bc2 Ba7 10. h3 Ne7 11. d4 Ng6 12. Re1 Nh5 13. d5 Bd7 14. Nxe5 Qh4 15.
Nxd7 Qxf2+ 16. Kh1 Ng3+ 17. Kh2 Qf4 18. Nf3 Nf1+ 19. Kh1 Qh2+ 20. Nxh2 Ng3# 0-1

[Event "DVM U16 2017"]
[Site "Walldorf GER"]
[Date "2017.12.28"]
[Round "4"]
[White "Kartsev, Nikolay"]
[Black "Engel, Robert"]
[Result "1-0"]
[Termination "normal"]
[Board "1.3"]
[WhiteElo "2083"]
[BlackElo "1942"]
[WhiteClock "00:30:13"]
[BlackClock "00:09:43"]
[WhiteTeam "SF Brackel"]
[BlackTeam "Hamburger SK"]
[PlyCount "97"]
[WhiteFideId "12939536"]
[BlackFideId "12974684"]
[EventCountry "GER"]
[EventRounds "7"]
[EventType "team-swiss"]
[EventDate "2017.12.26"]

1. e4 c5 2. c3 Nf6 3. e5 Nd5 4. d4 cxd4 5. cxd4 Nc6 6. Nf3 d6 7. Bc4 Nb6 8. Bb5
dxe5 9. Nxe5 Bd7 10. Bxc6 Bxc6 11. O-O e6 12. Nc3 Be7 13. Qg4 O-O 14. Bh6 Bf6
15. Rad1 Kh8 16. Bc1 Rc8 17. Rfe1 Qe7 18. Rd3 Bd5 19. Rh3 g6 20. Bh6 Rfd8 21.
Qf4 Nc4 22. Bf8 Qxf8 23. Qxf6+ Kg8 24. Ng4 h5 25. Qh4 Kg7 26. Qf6+ Kg8 27. Qh4
Kg7 28. Nf6 Qd6 29. Qg5 Rh8 30. Rxh5 Nxb2 31. Ncxd5 exd5 32. Rxh8 Rxh8 33. Ne8+
Rxe8 34. Rxe8 Nc4 35. Qe7 Qb6 36. Qf8+ Kf6 37. Qh8+ Kg5 38. g3 Qd6 39. Qh4+ Kf5
40. g4+ Kf4 41. Qg3+ Kg5 42. Qxd6 Nxd6 43. Rd8 Ne4 44. Rxd5+ Kxg4 45. Rd7 f5
46. Kg2 Nd2 47. Rxb7 f4 48. h3+ Kf5 49. f3 1-0

[Event "DVM U16 2017"]
[Site "Walldorf GER"]
[Date "2017.12.28"]
[Round "4"]
[White "Foo, Tzun Hong"]
[Black "Seref, Erdogan"]
[Result "1/2-1/2"]
[Termination "normal"]
[Board "1.4"]
[WhiteElo "1929"]
[BlackElo "1849"]
[WhiteClock "00:10:17"]
[BlackClock "00:16:27"]
[WhiteTeam "Hamburger SK"]
[BlackTeam "SF Brackel"]
[PlyCount "151"]
[WhiteFideId "12974200"]
[BlackFideId "16206827"]
[EventCountry "GER"]
[EventRounds "7"]
[EventType "team-swiss"]
[EventDate "2017.12.26"]

1. e4 e5 2. Nf3 Nc6 3. Bb5 a6 4. Ba4 Nf6 5. O-O b5 6. Bb3 Be7 7. Re1 O-O 8. c3
d6 9. h3 Re8 10. d4 Bb7 11. Nbd2 exd4 12. cxd4 Nd7 13. Nf1 Na5 14. Bc2 Bf6 15.
Ng3 c5 16. d5 Nc4 17. Nf5 Nde5 18. Nh2 Ng6 19. Rb1 Bc8 20. Qh5 Ne7 21. Nxe7+
Qxe7 22. f4 Bd4+ 23. Kh1 f5 24. b3 Nb6 25. Bd2 g6 26. Qf3 fxe4 27. Bxe4 Qf8 28.
Ba5 Nd7 29. Ng4 Nf6 30. Nxf6+ Qxf6 31. Bd3 Bd7 32. Bd2 Rxe1+ 33. Rxe1 Rf8 34.
g4 Rc8 35. Rf1 Rf8 36. f5 Qh4 37. Bf4 Qe7 38. Bh6 Rf7 39. Bf4 Rf8 40. Qg3 Be5
41. Bxe5 Qxe5 42. Qxe5 dxe5 43. Re1 gxf5 44. Rxe5 fxg4 45. hxg4 Rf4 46. Bxh7+
Kxh7 47. Re7+ Kg6 48. Rxd7 Rxg4 49. Rd6+ Kf5 50. Rxa6 Rd4 51. Ra5 Rxd5 52. Rxb5
Rd1+ 53. Kg2 Rd2+ 54. Kf3 Rxa2 55. Rxc5+ Ke6 56. Ke4 Kd6 57. Rb5 Kc6 58. Rb4
Kc5 59. Rb8 Rd2 60. Ke3 Rd6 61. Ke2 Rd4 62. Ke3 Rd6 63. Ke4 Rb6 64. Rxb6 Kxb6
65. Kd4 Kb5 66. Kd3 Kb4 67. Kc2 Kb5 68. Kc3 Kc5 69. b4+ Kb5 70. Kb3 Kb6 71. Kc4
Kc6 72. b5+ Kb6 73. Kb4 Kb7 74. Kc5 Kc7 75. b6+ Kb7 76. Kb5 1/2-1/2

[Event "DVM U16 2017"]
[Site "Walldorf GER"]
[Date "2017.12.28"]
[Round "4"]
[White "Biastoch, Bennet"]
[Black "Browning, Rebecca"]
[Result "1-0"]
[Termination "normal"]
[Board "2.2"]
[WhiteElo "2234"]
[BlackElo "1874"]
[WhiteClock "00:17:32"]
[BlackClock "00:47:53"]
[WhiteTeam "SG Aufbau Elbe Magdeburg"]
[BlackTeam "MS Halver-Schalksmühle"]
[PlyCount "77"]
[WhiteFideId "12939889"]
[BlackFideId "12984027"]
[EventCountry "GER"]
[EventRounds "7"]
[EventType "team-swiss"]
[EventDate "2017.12.26"]

1. e4 e6 2. d4 d5 3. Nc3 Bb4 4. e5 Ne7 5. a3 Bxc3+ 6. bxc3 c5 7. Qg4 O-O 8. Bd3
f5 9. exf6 Rxf6 10. Bg5 Rf7 11. Qh5 g6 12. Qh4 c4 13. Be2 Qf8 14. Bg4 Nf5 15.
Bxf5 exf5 16. Nf3 Nc6 17. O-O f4 18. Bh6 Qd6 19. Ne5 Nxe5 20. dxe5 Qe7 21. Qxe7
Rxe7 22. Bxf4 Bf5 23. Rad1 Rd7 24. Rd2 Re8 25. Rfd1 Be6 26. h3 Rc8 27. Be3 b6
28. Kh2 Kf7 29. g4 Ke8 30. f4 Rf7 31. Rf2 Ke7 32. Rdf1 Rcf8 33. f5 gxf5 34.
Bg5+ Ke8 35. Bh6 Rg8 36. gxf5 Bc8 37. e6 Rf6 38. Be3 Rgf8 39. Bd4 1-0

[Event "DVM U16 2017"]
[Site "Walldorf GER"]
[Date "2017.12.28"]
[Round "4"]
[White "Kölz, Niklas"]
[Black "Wagner, Benjamin"]
[Result "0-1"]
[Termination "normal"]
[Board "2.3"]
[WhiteElo "1712"]
[BlackElo "2005"]
[WhiteClock "00:15:47"]
[BlackClock "00:47:40"]
[WhiteTeam "MS Halver-Schalksmühle"]
[BlackTeam "SG Aufbau Elbe Magdeburg"]
[PlyCount "68"]
[WhiteFideId "12971758"]
[BlackFideId "12957330"]
[EventCountry "GER"]
[EventRounds "7"]
[EventType "team-swiss"]
[EventDate "2017.12.26"]

1. c4 Nf6 2. g3 g6 3. Bg2 Bg7 4. Nc3 O-O 5. e4 d6 6. d3 e5 7. Nge2 Be6 8. O-O
c6 9. h3 Qd7 10. Kh2 Na6 11. f4 h5 12. b3 h4 13. g4 exf4 14. Bxf4 b5 15. cxb5
cxb5 16. e5 dxe5 17. Bxa8 exf4 18. Bf3 Nd5 19. Bxd5 Bxd5 20. Nxd5 Bxa1 21. Qxa1
Qxd5 22. Nxf4 Qd6 23. Kg1 Nb4 24. Rf3 Nc2 25. Qf1 Re8 26. Ng2 Nd4 27. Nxh4
Nxf3+ 28. Qxf3 Qc5+ 29. Kg2 Re1 30. Qa8+ Kg7 31. Nf3 Re2+ 32. Kg3 Qf2+ 33. Kf4
Qe3+ 34. Kg3 g5 0-1

[Event "DVM U16 2017"]
[Site "Walldorf GER"]
[Date "2017.12.28"]
[Round "4"]
[White "Hoffmann, Lennard"]
[Black "Scholz, Sebastian"]
[Result "1-0"]
[Termination "normal"]
[Board "2.4"]
[WhiteElo "2041"]
[BlackElo "1729"]
[WhiteClock "00:42:16"]
[BlackClock "00:31:04"]
[WhiteTeam "SG Aufbau Elbe Magdeburg"]
[BlackTeam "MS Halver-Schalksmühle"]
[PlyCount "61"]
[WhiteFideId "12943495"]
[BlackFideId "16202597"]
[EventCountry "GER"]
[EventRounds "7"]
[EventType "team-swiss"]
[EventDate "2017.12.26"]

1. e4 e6 2. d4 d5 3. Nc3 Bb4 4. e5 c5 5. a3 Bxc3+ 6. bxc3 Qa5 7. Bd2 Qa4 8. Qg4
g6 9. Nf3 Qxc2 10. dxc5 Ne7 11. Nd4 Qb2 12. Qd1 a6 13. Nb3 Nbc6 14. h4 a5 15.
a4 Nb4 16. cxb4 Qxe5+ 17. Qe2 Qxe2+ 18. Bxe2 axb4 19. Bxb4 Bd7 20. a5 Nc6 21.
Bc3 e5 22. O-O d4 23. Bd2 O-O 24. Rfb1 Bf5 25. Rb2 d3 26. Bf3 e4 27. g4 Ne5 28.
Nd4 Rfd8 29. gxf5 Rxd4 30. Bd1 Nc4 31. Rb4 1-0

[Event "DVM U16 2017"]
[Site "Walldorf GER"]
[Date "2017.12.28"]
[Round "4"]
[White "Koll, Lukas"]
[Black "Biermann, Florian"]
[Result "0-1"]
[Termination "normal"]
[Board "3.1"]
[WhiteElo "1854"]
[BlackElo "1945"]
[WhiteClock "00:16:02"]
[BlackClock "00:25:13"]
[WhiteTeam "Karlsruher SF"]
[BlackTeam "SG Bochum"]
[PlyCount "122"]
[WhiteFideId "12969737"]
[BlackFideId "12970069"]
[EventCountry "GER"]
[EventRounds "7"]
[EventType "team-swiss"]
[EventDate "2017.12.26"]

1. c4 g6 2. g3 Bg7 3. Bg2 d6 4. Nc3 c5 5. e3 Nc6 6. Nge2 e5 7. Nd5 Nge7 8. Nec3
O-O 9. O-O Rb8 10. d3 a6 11. b3 b5 12. e4 Be6 13. Be3 Qd7 14. Qd2 f5 15. Bg5 b4
16. Ne2 a5 17. a4 Rf7 18. Bxe7 Nxe7 19. f3 Bxd5 20. cxd5 f4 21. Kh1 Rbf8 22.
Ng1 Rf6 23. Bh3 Qe8 24. Rf2 g5 25. g4 Ng6 26. Kg2 Nh4+ 27. Kf1 Rh6 28. Bg2 Bf6
29. Rc1 Bd8 30. Rc4 Ng6 31. h3 Ne7 32. Ke1 Nc8 33. Kd1 Bb6 34. Kc2 Rh4 35. Qe2
Ba7 36. Qf1 Nb6 37. Kd2 Nxc4+ 38. dxc4 Kg7 39. Kd1 Rh8 40. Kd2 Bb6 41. Kd1 Bd8
42. Kd2 h5 43. Kd3 Rf8 44. Kd2 Qg6 45. Kd3 Rf6 46. Qe2 Be7 47. Qd1 hxg4 48.
fxg4 f3 49. Bxf3 Rf4 50. Rh2 Rh8 51. Qe1 Rhf8 52. Qg3 Qh6 53. Rg2 R4f7 54. Ke3
Qf6 55. Rf2 Qf4+ 56. Qxf4 exf4+ 57. Kd3 Bf6 58. Ne2 Rh8 59. Rh2 Kg6 60. h4 Rxh4
61. Nxf4+ gxf4 0-1

[Event "DVM U16 2017"]
[Site "Walldorf GER"]
[Date "2017.12.28"]
[Round "4"]
[White "Biermann, Lenhard"]
[Black "Koll, Linus"]
[Result "1/2-1/2"]
[Termination "normal"]
[Board "3.2"]
[WhiteElo "1941"]
[BlackElo "1850"]
[WhiteClock "00:06:07"]
[BlackClock "00:24:27"]
[WhiteTeam "SG Bochum"]
[BlackTeam "Karlsruher SF"]
[PlyCount "71"]
[WhiteFideId "12970077"]
[BlackFideId "12990299"]
[EventCountry "GER"]
[EventRounds "7"]
[EventType "team-swiss"]
[EventDate "2017.12.26"]

1. d4 Nf6 2. Nf3 g6 3. c4 Bg7 4. Nc3 d6 5. Bf4 O-O 6. e3 Nfd7 7. h3 Nc6 8. Be2
e5 9. Bg3 f5 10. O-O h6 11. Qd2 e4 12. Ne1 Nf6 13. Nc2 g5 14. b4 Ne7 15. c5 Ng6
16. cxd6 cxd6 17. f3 a6 18. fxe4 Nxe4 19. Nxe4 fxe4 20. Bh5 Kh7 21. Rxf8 Qxf8
22. Rf1 Qe7 23. Qf2 Be6 24. d5 Rf8 25. Qd2 Rxf1+ 26. Kxf1 Bd7 27. Bxg6+ Kxg6
28. Kg1 Be5 29. Qf2 Bxg3 30. Qxg3 Qe5 31. Qxe5 dxe5 32. Na3 Bb5 33. Nb1 Bc4 34.
Nc3 Kf7 35. Kf2 Ke7 36. Kg3 1/2-1/2

[Event "DVM U16 2017"]
[Site "Walldorf GER"]
[Date "2017.12.28"]
[Round "4"]
[White "Fidlin, Simon"]
[Black "Gluma, Christian"]
[Result "1-0"]
[Termination "normal"]
[Board "3.3"]
[WhiteElo "1825"]
[BlackElo "1623"]
[WhiteClock "01:19:23"]
[BlackClock "01:16:08"]
[WhiteTeam "Karlsruher SF"]
[BlackTeam "SG Bochum"]
[PlyCount "29"]
[WhiteFideId "16217535"]
[BlackFideId "16223209"]
[EventCountry "GER"]
[EventRounds "7"]
[EventType "team-swiss"]
[EventDate "2017.12.26"]

1. e4 e6 2. d4 d5 3. Nc3 Bb4 4. e5 c5 5. a3 Bxc3+ 6. bxc3 Ne7 7. Qg4 O-O 8. Bd3
c4 9. Bh6 Ng6 10. Bxg6 hxg6 11. Bd2 Nc6 12. Nf3 Qe7 13. h4 f6 14. Qxg6 fxe5 15.
Ng5 1-0

[Event "DVM U16 2017"]
[Site "Walldorf GER"]
[Date "2017.12.28"]
[Round "4"]
[White "Gerzen, Robin"]
[Black "Wang, Xinyuan"]
[Result "0-1"]
[Termination "normal"]
[Board "3.4"]
[WhiteElo "1660"]
[BlackElo "1688"]
[WhiteClock "00:04:51"]
[BlackClock "00:38:35"]
[WhiteTeam "SG Bochum"]
[BlackTeam "Karlsruher SF"]
[PlyCount "105"]
[WhiteFideId "16206819"]
[BlackFideId "16221494"]
[EventCountry "GER"]
[EventRounds "7"]
[EventType "team-swiss"]
[EventDate "2017.12.26"]

1. e4 c5 2. c3 Nf6 3. e5 Nd5 4. d4 cxd4 5. cxd4 d6 6. Bc4 Nb6 7. Bb3 Nc6 8. Nf3
dxe5 9. Nxe5 Nxe5 10. dxe5 Qxd1+ 11. Bxd1 Be6 12. Nc3 Rc8 13. Be3 Nc4 14. Ba4+
Bd7 15. Bxd7+ Kxd7 16. Rd1+ Ke8 17. Bc1 Nxe5 18. O-O e6 19. Rfe1 Ng4 20. Rd4
Nf6 21. Bg5 Bc5 22. Bxf6 gxf6 23. Rd3 Rd8 24. Rxd8+ Kxd8 25. Ne4 Be7 26. Rc1 f5
27. Nc5 b6 28. Nd3 Bd6 29. f4 f6 30. Kf2 Re8 31. g3 e5 32. b3 Kd7 33. a4 a6 34.
Rc2 Rc8 35. Rxc8 Kxc8 36. Ke2 Kd7 37. Kd2 Kc6 38. Kc3 e4 39. Nc1 Kd5 40. Ne2
Bc5 41. Kd2 Bd4 42. Kc2 b5 43. axb5 axb5 44. Kd2 Bb6 45. Kc3 Ba5+ 46. b4 Bb6
47. Kb3 Bd4 48. Nc1 Be3 49. Ne2 Bd2 50. Nc3+ Bxc3 51. Kxc3 e3 52. Kd3 e2 53.
Kxe2 0-1

[Event "DVM U16 2017"]
[Site "Walldorf GER"]
[Date "2017.12.28"]
[Round "4"]
[White "Vuckovic, Zarko"]
[Black "Silber, Kevin"]
[Result "0-1"]
[Termination "normal"]
[Board "4.1"]
[WhiteElo "2115"]
[BlackElo "2038"]
[WhiteClock "01:21:52"]
[BlackClock "01:22:02"]
[WhiteTeam "SF Augsburg"]
[BlackTeam "Delmenhorster SK"]
[PlyCount "22"]
[WhiteFideId "12952087"]
[BlackFideId "12930440"]
[EventCountry "GER"]
[EventRounds "7"]
[EventType "team-swiss"]
[EventDate "2017.12.26"]

1. e4 e5 2. Nf3 Nc6 3. d4 exd4 4. Nxd4 Nf6 5. Nxc6 bxc6 6. Bd3 d5 7. e5 Ng4 8.
O-O Bc5 9. Qe2 Qh4 10. Bf4 Nxf2 11. Bg3 Ne4+ 0-1

[Event "DVM U16 2017"]
[Site "Walldorf GER"]
[Date "2017.12.28"]
[Round "4"]
[White "Steffens, Oliver"]
[Black "Vuckovic, Robert"]
[Result "1-0"]
[Termination "normal"]
[Board "4.2"]
[WhiteElo "2064"]
[BlackElo "1759"]
[WhiteClock "00:27:46"]
[BlackClock "00:20:40"]
[WhiteTeam "Delmenhorster SK"]
[BlackTeam "SF Augsburg"]
[PlyCount "99"]
[WhiteFideId "12947148"]
[BlackFideId "12998680"]
[EventCountry "GER"]
[EventRounds "7"]
[EventType "team-swiss"]
[EventDate "2017.12.26"]

1. e4 e6 2. d4 d5 3. Nc3 dxe4 4. Nxe4 Nd7 5. Nf3 Ngf6 6. Bd3 Be7 7. O-O Nxe4 8.
Bxe4 Nf6 9. Bd3 O-O 10. Bg5 h6 11. Bh4 Nd5 12. Bxe7 Qxe7 13. c3 c5 14. Re1 cxd4
15. Nxd4 Bd7 16. Qf3 Qf6 17. Qe4 g6 18. Rad1 Rab8 19. h4 h5 20. g3 Rfe8 21. Bf1
Qg7 22. Bg2 Nf6 23. Qe5 Red8 24. Rd2 Be8 25. Qa5 a6 26. Nxe6 b6 27. Nxg7 bxa5
28. Rxd8 Rxd8 29. Nxe8 Nxe8 30. c4 Kf8 31. Re2 Rd1+ 32. Kh2 Rc1 33. b3 Nf6 34.
Bb7 a4 35. Bxa6 axb3 36. axb3 Rb1 37. c5 Rxb3 38. Rc2 Ra3 39. Bb7 Ng4+ 40. Kg2
Ne5 41. c6 Nxc6 42. Bxc6 Ra7 43. Kf3 Ke7 44. Kf4 Kf6 45. Rc4 Ra2 46. f3 Ra3 47.
Ra4 Rc3 48. Bd5 Rc7 49. Ra6+ Kg7 50. Rb6 1-0

[Event "DVM U16 2017"]
[Site "Walldorf GER"]
[Date "2017.12.28"]
[Round "4"]
[White "Hamkar, Mehran"]
[Black "Petri, Ben-Luca"]
[Result "1-0"]
[Termination "normal"]
[Board "4.3"]
[WhiteElo "1681"]
[BlackElo "1747"]
[WhiteClock "00:29:36"]
[BlackClock "01:25:17"]
[WhiteTeam "SF Augsburg"]
[BlackTeam "Delmenhorster SK"]
[PlyCount "41"]
[WhiteFideId "16216946"]
[BlackFideId "12947261"]
[EventCountry "GER"]
[EventRounds "7"]
[EventType "team-swiss"]
[EventDate "2017.12.26"]

1. e4 e5 2. Nf3 Nc6 3. d4 exd4 4. Bc4 Bc5 5. c3 Nf6 6. cxd4 Bb4+ 7. Bd2 Nxe4 8.
Bxb4 Nxb4 9. Bxf7+ Kxf7 10. Qb3+ d5 11. Qxb4 Rf8 12. O-O Kg8 13. Qb3 c6 14. Re1
Qf6 15. Rxe4 Bf5 16. Re5 Bg4 17. Nbd2 Rf7 18. Rae1 Raf8 19. Re8 Bc8 20. Qa3
Qxd4 21. Rxf8+ 1-0

[Event "DVM U16 2017"]
[Site "Walldorf GER"]
[Date "2017.12.28"]
[Round "4"]
[White "Sinnhöfer, Jonas"]
[Black "Thorwarth, Paul"]
[Result "1-0"]
[Termination "normal"]
[Board "4.4"]
[WhiteElo "1853"]
[BlackElo "1572"]
[WhiteClock "01:17:53"]
[BlackClock "00:55:24"]
[WhiteTeam "Delmenhorster SK"]
[BlackTeam "SF Augsburg"]
[PlyCount "63"]
[WhiteFideId "12982938"]
[BlackFideId "16216865"]
[EventCountry "GER"]
[EventRounds "7"]
[EventType "team-swiss"]
[EventDate "2017.12.26"]

1. e4 c5 2. c4 Nc6 3. Ne2 Nf6 4. Nbc3 e6 5. d4 cxd4 6. Nxd4 Bb4 7. Nxc6 bxc6 8.
Bd3 d5 9. cxd5 cxd5 10. Qa4+ Bd7 11. Qxb4 Rb8 12. Qa3 d4 13. Ne2 Bc6 14. f3 e5
15. Qxa7 O-O 16. O-O h6 17. b3 Nd7 18. Qa3 Qb6 19. Qa6 Qxa6 20. Bxa6 Nc5 21.
Bc4 d3 22. Nc3 Rfd8 23. Be3 Ne6 24. Nd5 Bxd5 25. Bxd5 Nc7 26. Bc4 Rd6 27. Rfd1
Rbd8 28. Rd2 Na8 29. Rad1 Nb6 30. Bxb6 Rxb6 31. Rxd3 Ra8 32. Rd8+ 1-0

[Event "DVM U16 2017"]
[Site "Walldorf GER"]
[Date "2017.12.28"]
[Round "4"]
[White "Hinrichs, Niklas"]
[Black "von Estorff, Jacob"]
[Result "0-1"]
[Termination "normal"]
[Board "5.1"]
[WhiteElo "1975"]
[BlackElo "1937"]
[WhiteClock "00:07:09"]
[BlackClock "00:19:52"]
[WhiteTeam "SK Bingen"]
[BlackTeam "Post SV Uelzen"]
[PlyCount "70"]
[WhiteFideId "12942499"]
[BlackFideId "12974501"]
[EventCountry "GER"]
[EventRounds "7"]
[EventType "team-swiss"]
[EventDate "2017.12.26"]

1. d4 d5 2. c4 Nf6 3. Nc3 e6 4. cxd5 exd5 5. Bg5 Be7 6. e3 O-O 7. Bd3 Nbd7 8.
Nf3 c6 9. Qc2 Re8 10. h3 Nf8 11. O-O-O b5 12. Ne5 Bd7 13. Kb1 Rc8 14. g4 Ne4
15. Bxe4 Bxg5 16. Bd3 Bf6 17. f4 Bxe5 18. dxe5 b4 19. Ne2 c5 20. Ba6 b3 21.
axb3 Rb8 22. Qxc5 Rxb3 23. Nd4 Ne6 24. Qxd5 Nxd4 25. Qxd4 Qa5 26. Bc4 Ba4 27.
Rd2 Rb4 28. Qd5 Qb6 29. Qxf7+ Kh8 30. Qd5 Bc6 31. Qd4 Rxc4 32. Qxc4 Bxh1 33.
Qf7 Be4+ 34. Kc1 Rc8+ 35. Kd1 Bf3+ 0-1

[Event "DVM U16 2017"]
[Site "Walldorf GER"]
[Date "2017.12.28"]
[Round "4"]
[White "Knüdel, Torben"]
[Black "Hinrichs, Paul"]
[Result "1-0"]
[Termination "normal"]
[Board "5.2"]
[WhiteElo "1825"]
[BlackElo "1830"]
[WhiteClock "00:05:49"]
[BlackClock "00:48:06"]
[WhiteTeam "Post SV Uelzen"]
[BlackTeam "SK Bingen"]
[PlyCount "105"]
[WhiteFideId "16208820"]
[BlackFideId "12942545"]
[EventCountry "GER"]
[EventRounds "7"]
[EventType "team-swiss"]
[EventDate "2017.12.26"]

1. e4 e5 2. Nf3 Nc6 3. Bb5 a6 4. Ba4 Nf6 5. O-O b5 6. Bb3 Be7 7. Re1 d6 8. c3
O-O 9. h3 Na5 10. Bc2 c5 11. d4 Qc7 12. d5 Bd7 13. Nbd2 Rfc8 14. Nf1 Nb7 15.
Ng3 Ne8 16. Be3 Nd8 17. Nh2 f6 18. Qf3 Nf7 19. a4 g6 20. Ng4 h5 21. Nh6+ Nxh6
22. Bxh6 Kh7 23. Bd2 Ng7 24. Qe3 Rh8 25. axb5 Bxb5 26. Ba4 Bxa4 27. Rxa4 g5 28.
Rea1 h4 29. Nf1 Rhb8 30. Bc1 a5 31. Qe2 Bd8 32. Ne3 Qd7 33. Nc4 Rb5 34. Nxd6
Qxd6 35. Qxb5 Rb8 36. Qd3 Nh5 37. Qf3 Kh6 38. Qg4 Qa6 39. Qxh4 Kg6 40. Qg4 Qd3
41. R4a2 c4 42. Qf3 Bb6 43. Qxd3 cxd3 44. g4 Ng3 45. Be3 Nxe4 46. Bxb6 Rxb6 47.
Rd1 Nc5 48. Rxa5 Nb3 49. Ra3 e4 50. Ra4 f5 51. Rb4 Rxb4 52. cxb4 f4 53. f3 1-0

[Event "DVM U16 2017"]
[Site "Walldorf GER"]
[Date "2017.12.28"]
[Round "4"]
[White "Lutterbach, Jakob"]
[Black "Rothenberg, Jannik"]
[Result "1-0"]
[Termination "normal"]
[Board "5.3"]
[WhiteElo "1581"]
[BlackElo "1768"]
[WhiteClock "00:06:52"]
[BlackClock "00:20:55"]
[WhiteTeam "SK Bingen"]
[BlackTeam "Post SV Uelzen"]
[PlyCount "80"]
[WhiteFideId "16208498"]
[BlackFideId "16204743"]
[EventCountry "GER"]
[EventRounds "7"]
[EventType "team-swiss"]
[EventDate "2017.12.26"]

1. e4 e6 2. d4 d5 3. Nc3 Nf6 4. Bg5 Be7 5. e5 Nfd7 6. Bxe7 Qxe7 7. f4 a6 8. Nf3
c5 9. dxc5 Nxc5 10. Qd2 Nc6 11. g3 O-O 12. Bg2 b5 13. Nd4 Nxd4 14. Qxd4 b4 15.
Ne2 a5 16. O-O Ba6 17. Rfe1 Rfc8 18. Qd2 Ra7 19. Nd4 Rac7 20. a3 Rb7 21. axb4
Rxb4 22. b3 Qc7 23. Ra3 Qb6 24. Kh1 Ne4 25. Bxe4 Rxd4 26. Qxa5 Qc6 27. Qxa6 Qc3
28. Re3 Rd1+ 29. Kg2 Qc5 30. Bd3 Rf8 31. Qa7 Qc6 32. Qd4 f6 33. exf6 gxf6 34.
Ra1 Rxa1 35. Qxa1 d4+ 36. Be4 Qc5 37. Re2 e5 38. fxe5 fxe5 39. Qa6 Qe7 40. Bd5+
Kg7 1-0

[Event "DVM U16 2017"]
[Site "Walldorf GER"]
[Date "2017.12.28"]
[Round "4"]
[White "Askerov, Imamali"]
[Black "Berstler, Tobias"]
[Result "1-0"]
[Termination "normal"]
[Board "5.4"]
[WhiteElo "1797"]
[BlackElo "1616"]
[WhiteClock "00:06:38"]
[BlackClock "00:20:32"]
[WhiteTeam "Post SV Uelzen"]
[BlackTeam "SK Bingen"]
[PlyCount "61"]
[WhiteFideId "12974498"]
[BlackFideId "16242661"]
[EventCountry "GER"]
[EventRounds "7"]
[EventType "team-swiss"]
[EventDate "2017.12.26"]

1. e4 e5 2. Nf3 Nc6 3. d4 exd4 4. Nxd4 Bb4+ 5. c3 Bc5 6. Be3 Bb6 7. Bc4 d6 8.
O-O Nf6 9. Nd2 Qe7 10. Nxc6 bxc6 11. Re1 O-O 12. h3 Re8 13. Bd3 Bd7 14. Kh1
Bxe3 15. Rxe3 Qf8 16. Qe2 c5 17. f4 Bc6 18. c4 Nd7 19. Re1 f6 20. Kh2 g6 21.
Qg4 Re7 22. h4 Qg7 23. R1e2 Rae8 24. Qh3 f5 25. exf5 Rxe3 26. Rxe3 Rxe3 27.
Qxe3 Qxb2 28. fxg6 hxg6 29. Qg3 Kf7 30. Ne4 Qxa2 31. h5 1-0

[Event "DVM U16 2017"]
[Site "Walldorf GER"]
[Date "2017.12.28"]
[Round "4"]
[White "Runte, Moritz"]
[Black "Mühlpfordt, Thomas"]
[Result "1-0"]
[Termination "normal"]
[Board "6.1"]
[WhiteElo "1978"]
[BlackElo "1951"]
[WhiteClock "00:54:07"]
[BlackClock "00:09:40"]
[WhiteTeam "SV Hemer"]
[BlackTeam "SC 1997 Lambsheim"]
[PlyCount "79"]
[WhiteFideId "12991449"]
[BlackFideId "12986623"]
[EventCountry "GER"]
[EventRounds "7"]
[EventType "team-swiss"]
[EventDate "2017.12.26"]

1. e4 e5 2. Nf3 Nc6 3. Bc4 Bc5 4. c3 Nf6 5. d4 exd4 6. e5 d5 7. Bb5 Ne4 8. cxd4
Bb6 9. Nc3 O-O 10. Be3 Bg4 11. h3 Bh5 12. Qc2 Ba5 13. Rc1 f6 14. Bxc6 bxc6 15.
exf6 Bxf3 16. fxg7 Rf7 17. gxf3 Bxc3+ 18. bxc3 Rxf3 19. Qe2 Qf6 20. Rh2 Re8 21.
Kd1 Nd6 22. c4 Nxc4 23. Rc3 Qf5 24. Rb3 Rexe3 25. Rg2 Qd3+ 26. Rxd3 Rxd3+ 27.
Ke1 Rfe3 28. fxe3 Rxe3 29. Qxe3 Nxe3 30. Rb2 Kxg7 31. Ke2 Nf5 32. Kd3 Nd6 33.
Rb8 a5 34. Ra8 Kf7 35. Rxa5 Ke7 36. Ra8 Ne8 37. a4 Kd7 38. a5 Nd6 39. a6 Nc8
40. a7 1-0